| 000 | 00625cam a2200145 4500500 | ||
|---|---|---|---|
| 005 | 20260111083151.0 | ||
| 041 | _afre | ||
| 042 | _adc | ||
| 100 | 1 | 0 |
_aSévry, Jean _eauthor |
| 245 | 0 | 0 | _aYOUSAF, Nahem. — Alex La Guma, Politics and Resistance. Portsmouth, Heinemann, Studies in African Literature, 2001, 164 p., index, bibl. (« Studies in Arican Literature »). |
| 260 | _c2003. | ||
| 500 | _a63 | ||
| 786 | 0 | _nCahiers d'études africaines | 171 | 3 | 2003-09-01 | p. 657p-697p | 0008-0055 | |
| 856 | 4 | 1 | _uhttps://shs.cairn.info/revue-cahiers-d-etudes-africaines-2003-3-page-657p?lang=fr&redirect-ssocas=7080 |
| 999 |
_c1617373 _d1617373 |
||